000 nam a22 a 4500
999 _c163447
_d163447
003 BLK
005 20230405030316.0
008 180410b bul|||||r ||||||| ||bul||
010 _aKNG00170857000
040 _aBLK
041 _aBUL
_cBUL
080 _aБългарска литература
_b821.163.2
_x-31
_z821.163.2-31
080 _aОрганизация на възпитанието и образованието. Училищно дело.
_b37.09
_x(497.2)(092)
_z37.09(497.2)(092)
080 _aАтанасов, Петър Хаджиберович. Български лекар, стопански и просветен деец и и дарител, учен-енциклопедист, педагог, философ и естественик
_b929 Берон, Петър
_z929 Берон, Петър
100 1 _aПопова-Мутафова, Фани Добрева
_d1902-1977
_gписател
_eпърви автор
_9366640
139 _aПопова-Мутафова, Фани Добрева
_bП 76
245 1 0 _aДоктор Петър Берон
_bБиогр. роман
_cФани Добрева Попова-Мутафова.
257 _aBGR
260 _aСофия
_bНар. младеж
_c1972
300 _a412 с.
_bс ил., факс., 8 л. ил., портр., факс.
_c22 см
380 _aX
490 _aБиблиотека България в образи
_9204857
490 _aКниги за видни българи
_v20
_9204612
500 _a25 125 тир.
600 1 4 _aБерон, Петър
_9252404
852 _aЦб 61281
856 4 _qpdf
856 4 _qpdf
942 _cKNG
_n0
_s1
944 _aCR
_c06.02.2015
_l06.02.2015 - от С1,Р / 06.02.2015
_kКамелия_Данева
944 _aED
_c2022-08-01
_kир
999 _d163447